01479nam a2200325 a 4500001001200000003000800012006001900020007001500039008004100054020001500095020002200110020001800132020002700150040002100177035002100198050002600219245014000245260004000385300002300425504005100448505024500499533015200744650002200896655002900918700002300947700002100970710001700991856012601008999001901134ebr10369699CaPaEBRm u cr cn|||||||||100331s2000 enka sb 001 0 eng d z0761966021 z076196603X (pbk.) z9780761966029 z9780857022233 (e-book) aCaPaEBRcCaPaEBR a(OCoLC)64788392114aHD6054.3b.W66 2000eb00aWomen in managementh[electronic resource] :nVol. 2 :bcurrent research issues /c[edited by] Marilyn J. Davidson and Ronald J. Burke. aLondon :bSAGE Publications,c2000. aix, 309 p. :bill. aIncludes bibliographical references and index.0 apt. 1. Women managers and entrepreneurs : a global perspective -- pt. 2. Career development and high fliers -- pt. 3. Occupational stress and black and ethnic minority issues -- pt. 4. The future : organizational and government initiatives. aElectronic reproduction.bPalo Alto, Calif. :cebrary,d2011.nAvailable via World Wide Web.nAccess may be limited to ebrary affiliated libraries. 0aWomen executives. 7aElectronic books.2local1 aDavidson, Marilyn.1 aBurke, Ronald J.2 aebrary, Inc.40uhttp://site.ebrary.com/lib/rucke/Doc?id=10369699zAn electronic book accessible through the World Wide Web; click to view c213384d213384